Baby Names: Ireland Quiz Stats

 Plays Quiz Updated Mar 5, 2012

Challenge
Share
Tweet
Embed
Score 0/51 Timer 07:00
1 Play Today
Heading Name % Correct
BoysJohn
63.4%
BoysPatrick
58.1%
BoysMichael
50.2%
BoysSean
47.9%
BoysJames
47.6%
GirlsSarah
34.5%
BoysMatthew
32.8%
BoysDavid
32.5%
BoysThomas
32.4%
BoysDaniel
30.3%
BoysJack
29.6%
GirlsEmily
28.9%
GirlsEmma
28%
GirlsAnna
26.2%
BoysLiam
25.7%
BoysLuke
23.3%
GirlsKate
21.4%
BoysRyan
20.7%
GirlsHannah
18.6%
GirlsKatie
18.6%
BoysAlex
16.3%
GirlsAmy
15.3%
BoysAdam
15%
BoysBen
14.9%
BoysAaron
14.6%
GirlsLauren
14.3%
Heading Name % Correct
GirlsSophie
14.1%
GirlsGrace
13.3%
BoysConor
13.1%
GirlsAva
11.6%
GirlsLucy
11.3%
GirlsChloe
11.1%
GirlsLily
11%
GirlsNiamh
10.9%
GirlsAoife
10.2%
GirlsElla
10.2%
GirlsCiara
10.1%
BoysJamie
8.1%
BoysEvan
7.8%
GirlsLeah
7.5%
BoysDylan
7.5%
BoysEoin
7.1%
GirlsHolly
6.3%
GirlsMia
6.3%
GirlsSaoirse
5.6%
BoysCian
5.4%
GirlsRuby
5.2%
GirlsCaoimhe
4.3%
BoysOisin
4.2%
BoysDarragh
3.8%
BoysCillian
3.7%

You're not logged in!

Compare scores with friends on all Sporcle quizzes.
OR
Log In

You Might Also Like...

Show Comments

Extras

Top Quizzes Today


Score Distribution

Your Account Isn't Verified!

In order to create a playlist on Sporcle, you need to verify the email address you used during registration. Go to your Sporcle Settings to finish the process.

Report this User

Report this user for behavior that violates our Community Guidelines.

Details: